000 00651cam a2200217 4500
001 B3347
008 090401t1990 xxu||||| |||| 00| 0 eng d
035 _a(Sirsi) u55524
041 _aeng
050 _a692.50285
100 _aSmith, Mark
245 _aAutomatic pricing of bills of quantities for construction work. - December 1990
260 _aSalford
_bUniversity of Salford
_c1990
300 _a15, (51) leaves ; 30cm.
350 _a0
520 _aPilot study undertaken for the Royal Institution of Chartered Surveyors Educational Trust .
650 _aESTIMATING
700 _aSkitmore, Martin
942 _n0
948 _c04/03/1997
999 _c93622
_d93622